=LDR 00000nam 2200000 4500 =001 INLIS000000000050116 =005 20210204011128 =035 ##$$a 0010-041700000000306 =008 210204################g##########0#ind## =020 ##$$a 978-602-18785-5-2 =040 ##$$a NBPDMAT =082 ##$$a 370.68 =090 ##$$a 370.68 Kur m =100 1#$$a Kurniadin, Didin =245 1#$$a Manajemen Pendidikan : $b Konsep dan Prinsip Pengelolaan Pendidikan /$c Didin Kurniadin =250 ##$$a cet.1 =260 ##$$a Yogyakaarta :$b Ar-Ruz Media,$c 2013 =300 ##$$a 420 hlm. ; $c 21 x 14 cm. =650 #4$$a Pendidikan =084 ##$$a 370.68 KUR m =990 ##$$a 31700039 =990 ##$$a 31700040